[Event "Harrachov op-B"]
[Site "Harrachov"]
[Date "2009.10.27"]
[Round "4"]
[White "Vyterna, Miroslav"]
[Black "Rydl, Adolf"]
[Result "0-1"]
[WhiteElo "1459"]
[BlackElo "1631"]
[PlyCount "38"]
[EventDate "2009.10.24"]
[EventType "swiss"]
[EventRounds "9"]
[EventCountry "CZE"]
[SourceTitle "EXT 2012"]
[Source "ChessBase"]
[SourceDate "2011.11.24"]
[SourceVersion "1"]
[SourceVersionDate "2011.11.24"]
[SourceQuality "1"]

1. e4 e6 2. d4 d5 3. Nc3 Nf6 4. e5 Nfd7 5. Nf3 c5 6. Bg5 Qb6 7. b3 cxd4 8. Na4 Qc7 9. Qxd4 Nc6 10. Qc3 Bb4 11. Bd2 Bxc3 12. Bxc3 a6 13. Bd3 b5 14. Nb2 Ncxe5 15. Bxe5 Nxe5 16. 0-0 Nxf3+ 17. gxf3 Qc3 18. Rab1 f5 19. Rfe1 0-0 0-1

[Event "Harrachov op-B"]
[Site "Harrachov"]
[Date "2009.10.26"]
[Round "3"]
[White "Vyterna, Miroslav"]
[Black "Janis, Petr"]
[Result "0-1"]
[WhiteElo "1459"]
[BlackElo "1652"]
[PlyCount "82"]
[EventDate "2009.10.24"]
[EventType "swiss"]
[EventRounds "9"]
[EventCountry "CZE"]
[SourceTitle "EXT 2012"]
[Source "ChessBase"]
[SourceDate "2011.11.24"]
[SourceVersion "1"]
[SourceVersionDate "2011.11.24"]
[SourceQuality "1"]

1. e4 e5 2. Bc4 Nf6 3. Nc3 Bb4 4. Nf3 d6 5. 0-0 Bxc3 6. dxc3 Bg4 7. Qd3 Nbd7 8. Bg5 0-0 9. h3 Bh5 10. Bd5 Rb8 11. Rfe1 Qc8 12. Bh4 Nxd5 13. Qxd5 Bxf3 14. gxf3 Nb6 15. Qd2 Qxh3 16. Bg3 f5 17. f4 exf4 18. Qxf4 fxe4 19. Qxe4 Qf5 20. Qe2 Qf7 21. Qd2 Rfe8 22. b3 Rxe1+ 23. Rxe1 Re8 24. Re3 Kf8 25. Qd3 Rxe3 26. Qxe3 Qf5 27. Qf4 Qxf4 28. Bxf4 Nd5 29. Bd2 Kf7 30. Kg2 Ke6 31. Kf3 Kf5 32. c4 Nf6 33. Be3 c5 34. c3 Ne4 35. Bf4 g5 36. Be3 Nxc3 37. a3 h5 38. b4 b6 39. Kg3 h4+ 40. Kh3 Nd1 41. bxc5 dxc5 0-1

[Event "Harrachov op-B"]
[Site "Harrachov"]
[Date "2009.10.25"]
[Round "2"]
[White "Kaluzny, Michal"]
[Black "Vyterna, Miroslav"]
[Result "0-1"]
[WhiteElo "1592"]
[BlackElo "1459"]
[PlyCount "86"]
[EventDate "2009.10.24"]
[EventType "swiss"]
[EventRounds "9"]
[EventCountry "CZE"]
[SourceTitle "EXT 2012"]
[Source "ChessBase"]
[SourceDate "2011.11.24"]
[SourceVersion "1"]
[SourceVersionDate "2011.11.24"]
[SourceQuality "1"]

1. e4 e5 2. Nf3 Nc6 3. Bc4 Be7 4. d4 d6 5. d5 Nb4 6. a3 Na6 7. b4 Nf6 8. Nc3 0-0 9. Qd3 Nh5 10. Ne2 f5 11. Ng3 fxe4 12. Qxe4 Nf6 13. Qe3 b5 14. Bxb5 Nxd5 15. Bc4 c6 16. Qd3 Nac7 17. 0-0 Kh8 18. Bb3 Nf6 19. Qc3 Bb7 20. Bb2 Ncd5 21. Qd2 Qc7 22. Rfe1 Nd7 23. Rad1 Nf4 24. c4 Nh3+ 25. Kf1 c5 26. Ne4 Bxe4 27. Rxe4 Nf4 28. Ree1 Qc6 29. b5 Qb7 30. Bc2 Nxg2 31. Be4 Nxe1 32. Bxb7 Nxf3 33. Bxf3 Rxf3 34. Re1 Rf5 35. Bc1 Raf8 36. Re2 Bh4 37. Qxd6 Bxf2 38. Kg2 R8f6 39. Qd2 Rg6+ 40. Qg5 Rgxg5+ 41. Bxg5 Rxg5+ 42. Kxf2 Rg4 43. Rd2 Rd4 0-1